| 000 | 00717nam a22002177a 4500 | ||
|---|---|---|---|
| 008 | 090906t xxu||||| |||| 00| 0 eng d | ||
| 020 | _a9770148075 | ||
| 040 |
_aEG-ScBUE _cEG-ScBUE |
||
| 082 |
_222 _a297.63 _bهـ ي ك |
||
| 245 |
_aحياة محمد/ _cمحمد حسين هيكل |
||
| 250 | _aط3 | ||
| 260 |
_aالقاهرة: _bالهيئة المصرية العامة للكتاب، _c1996 |
||
| 300 |
_a؛497 ص _c20 سم |
||
| 490 | _aالاعمال الفكرية | ||
| 650 |
_98740 _aالوحى _2BUEsh |
||
| 650 |
_98737 _aغزوات النبى _2BUEsh |
||
| 650 |
_98739 _aالاسراء والمعراج _2BUEsh |
||
| 650 |
_98738 _aزوجات النبى _2BUEsh |
||
| 651 | _2BUEsh | ||
| 942 |
_2ddc _cBB |
||
| 999 |
_c12751 _d12751 |
||